Movies Quiz

Random Movies or Actor Quiz
Score 0/20 Timer 04:00
0 Plays Today
Alternate Movie Title Clint Eastwood Movie % Correct
$1,000,000 NewbornMillion Dollar Baby
98.5%
Filthy PotterDirty Harry
86.5%
The Rad, the Rough and the RepugnantThe Good, the Bad and the Ugly
85.3%
A Full Hand of OnesA Fistful of Dollars
83.6%
In Pursuance of Several Bucks ExtraFor a Few Dollars More
76.8%
UnpardonedUnforgiven
76%
An Ideal EarthA Perfect World
72.4%
Ensigns from Our DadsFlags of Our Fathers
72.4%
Each Method Except for SlackEvery Which Way but Loose
71.3%
Elevated Meadows MeandererHigh Plains Drifter
66.6%
Alternate Movie Title Clint Eastwood Movie % Correct
Wan HorsemanPale Rider
61%
Impromptu CollisionSudden Impact
53.1%
Quixotic CreekMystic River
47.5%
Gore EmploymentBlood Work
42.8%
Room BroncosSpace Cowboys
36.1%
Grief RimHeartbreak Ridge
27.6%
Total DominanceAbsolute Power
27.6%
Struggle of the ArcTrouble with the Curve
25.8%
HenceforwardHereafter
21.4%
AlternativeChangeling
21.1%
Remove Ads.
Support Sporcle.
Get the best of Sporcle when you Go Orange. This ad-free experience offers more features, more stats, and more fun while also helping to support Sporcle. Thank you for becoming a member.

You're not logged in!

Compare scores with friends on all Sporcle quizzes.
OR
Log In

Show Comments

Extras

Top Quizzes Today


Score Distribution

Your Account Isn't Verified!

In order to create a playlist on Sporcle, you need to verify the email address you used during registration. Go to your Sporcle Settings to finish the process.

Report this User

Report this user for behavior that violates our Community Guidelines.

Details: